000 00979nam a22002657a 4500
999 _c13636
_d13636
003 AR-CdUCM
008 190416b ||||| |||| 00| 0 spa d
040 _aMUNICIPALIDAD PROVINCIAL DEL CUSCO
_cBIBLIOTECA MUNICIPAL DEL CUSCO
041 _hfre
082 _a809.94 /
_bP53
100 _aPichois, Claude
_932120
245 _aLa literatura comparada /
260 _aMadrid :
_bGredos,
_c1969.
300 _a245 páginas ;
_c19 cm.
440 _aBiblioteca Románica Hispánica. Manuales.
_n3
_932121
505 _aContenido: Nacimiento y desarrollo -- Los intercambios literarios internacionales -- Historia literaria general -- Historia de las ideas -- Estructuralismo literario ...
650 _aLiteratura
_983
650 _aHistoria
_9136
650 _aCrítica
_9666
650 _aFilosofía
_9395
700 _aRousseau, André M. (coautor)
_932122
700 _aColón Doménechi, Germán (traducción)
_932123
942 _2ddc
_cLIBROS
945 _aachl
_d2019-04-16